Biblioteca

A short grammar of Biblical Aramaic. (Registro nro. 66220)

Detalles MARC
000 -LÍDER
Campo fijo de descripción fija 01690cam a2200337 i 4500
001 - NÚMERO DE CONTROL
Campo de control 768714001
003 - IDENTIFICADOR DEL NÚMERO DE CONTROL
Campo de control CO-MdFUSB
005 - FECHA Y HORA DE LA ULTIMA TRANSACCIÓN
control field 20210218172919.0
007 - CAMPO FIJO DE DESCRIPCIÓN FIJA--INFORMACIÓN GENERAL
Campo fijo de descripción fija ta
008 - ELEMENTOS DE LONGITUD FIJA -- INFORMACIÓN GENERAL
Campo fijo de descripción fija -- Información general 771219t19661963miu 000 0 eng d
020 ## - NÚMERO INTERNACIONAL NORMALIZADO PARA LIBROS
Número Internacional Normalizado del libro 094387274x
040 ## - FUENTE DE CATALOGACIÓN
Agencia de catalogación original DUQ
Agencia que realiza la transcripción CO-MdFUSB
Agencia que realiza la modificación AU@
-- CO-MdFUSB
-- LLU
Idioma de catalogación spa
Convenciones de la descripción rda
041 ## - CÓDIGO DE IDIOMA
Código de idioma para texto/pista de sonido o título separado eng
082 ## - NÚMERO DE CLASIFICACIÓN DECIMAL DEWEY
Número de la edición del Dewey 23
Número de clasificación 492.29
Clave de autor-Numero de item J658
100 1# - ASIENTO PRINCIPAL--NOMBRE PERSONAL
Nombre personal Johns, Alger F.
Término relacionador autor
245 12 - TÍTULO
Título del Material A short grammar of Biblical Aramaic.
Mención de responsabilidad, etc. / Alger F Johns
264 #1 - PRODUCCIÓN, PUBLICACIÓN, DISTRIBUCIÓN, MANUFACTURA, Y COPYRIGHT
Lugar de producción, publicación, distribución, manufactura Berrien Springs, Mich. :
Nombre del productor, publicador, distribuidor Andrews University Press,
Fecha de producción, publicación, distribución, manufactura, o copyright [1966]
264 #4 - PRODUCCIÓN, PUBLICACIÓN, DISTRIBUCIÓN, MANUFACTURA, Y COPYRIGHT
Fecha de producción, publicación, distribución, manufactura, o copyright © 1966
300 ## - DESCRIPCIÓN FÍSICA
Extensión xii, 108 páginas. ;
Dimensiones 25 cm.
336 ## - TIPO DE CONTENIDO
Fuente rdacontent
Término de tipo de contenido texto
Código de tipo de contenido txt
337 ## - TIPO DE MEDIO
Fuente rdamedia
Nombre del tipo de medio sin mediación
Código del tipo de medio n
338 ## - TIPO DE SOPORTE
Fuente rdacarrier
Nombre del tipo de soporte volumen
Código Tipo de soporte nc
505 ## - NOTA DE CONTENIDO
Nota de contenido con formato preestablecido Introducción al arameo bíblico. -- Fonología del arameo bíblico. -- Sustantivos y adjetivos. -- Pronombres y sufijos personales independientes sobre sustantivos. -- Otros pronombres. -- El sistema verbal: el perfecto. -- El sistema verbal: el imperfecto, el infinitivo, etc.. -- Clases de sustantivos. -- Las conjugaciones activas derivadas - Las conjugaciones pasivas y reflexivas. -- Verbos laríngeos - Verbos. -- pe nun, pe yodh y pe aleph. -- Verbos huecos. -- Verbos geminados - Verbos Lamedh he. -- Otros verbos doblemente débiles e irregulares. -- Sufijos verbales: con el perfecto. -- Sufijos verbales: con lo imperfecto, el infinitivo, etc. -<br/>Tipos de sustantivos - Clases de sustantivos similares. -- Los números. -- Paradigmas.
563 ## - NOTA DE ENCUADERNACIÓN
Nota de encuadernación Rústico
650 #0 - ASIENTO SECUNDARIO DE MATERIA - TERMINO TEMÁTICO
9 (RLIN) 16
Término temático o nombre geográfico como elemento de entrada Biblia
Subdivisión de forma Arameo
653 ## - TÉRMINO DE INDIZACIÓN - NO CONTROLADO
Término no controlado Lengua aramea - Gramática.
942 ## - TIPO DE MATERIAL (KOHA)
Tipo de Item KOHA Libros General
945 ## - INFORMACIÓN LOCAL DEL REGISTRO
Catalogador JTF-925
Existencias
Estado de Material Estado de Perdido Forma de Clasificación Estado de Dañado No para Préstamo Colección Biblioteca de Origen Biblioteca Permanente Fecha de Adquisición Área Total de Préstamos Signatura Topográfica Código de Barras Última vez visto Ejemplar/Existencia Fecha de Remplazo Tipo de Material
    Dewey Decimal Classification     Colección General Biblioteca FUSBC Biblioteca FUSBC 23/06/2020 LENGUAS - LINGUISTICA   G 492.29 J658s 9655 23/06/2020 Ej. 1 23/06/2020 Libros General

Biblioteca FUSBC | Teléfono: (57+4) 349 88 10 Ext. 141| WhatsApp (+57) 3005338115 
E-mail: biblioteca@unisbc.edu.co | Calle 76 87-14 Robledo Palenque, Medellín, Colombia

Con tecnología Koha